=LDR 00000nam 2200000 4500 =001 INLIS000000000050102 =005 20170419103731.0 =006 =007 =008 =020 ##$$a 978 - 979 - 25 - 4873 - 0 =035 ##$$0010-041700000000292 =040 ##$$a NBPDMAT =082 ##$$a 370 =090 ##$$a 370 Min m =100 ##$$a Minarti, Sri =245 ##$$a Manajemen Sekolah : Mengelola Lembaga Pendidikan Secara Mandiri / Sri Minarti. =250 ##$$a Cet. 4 =260 ##$$a Yogyakaarta : $b Ar-Ruz Media , $c 2016 =300 ##$$a 436 hlm.; $c 21 cm. =650 ##$$a Pendidikan =850 ##$$a NBPDMAT